000 00289nam a2200121Ia 4500
008 190905s9999||||xx |||||||||||||| ||und||
020 _a13:978-81-8473-305-1
100 _aRon W.Dudek
245 0 _aBRS Genetics
260 _aNew York
_bWolter Kluwer
_c2015
300 _a239
942 _cBK
999 _c5868
_d5868